| 000 | 01182nam a22003377a 4500 | ||
|---|---|---|---|
| 003 | CHAP | ||
| 005 | 20220329141139.0 | ||
| 008 | 971010s1975 r 00010 d | ||
| 010 | _a63397 | ||
| 011 | _a64369 | ||
| 035 | _a69678 | ||
| 040 | _cCHAP | ||
| 090 | _aFolleto 6633 | ||
| 100 | 0 | 0 |
_aJoseph Nathan, Pedro. _962192 |
| 245 | 1 | _aAnálisis óptico | |
| 260 |
_aMéxico, D.F. : _bAsociación Nacional de Universidades e Institutos de Enseñanza Superior. México, _c1975 |
||
| 300 |
_a63 p. _b: ilus. |
||
| 490 | _aANUIES. Temas básicos | ||
| 590 |
_aBATCH-UPD _b10 _c20130110 _lUCH01 _h0545 |
||
| 590 |
_aBATCH-UPD _b10 _c20130410 _lUCH01 _h0226 |
||
| 590 |
_aCONVERSION _b10 _c20130109 _lUCH01 _h1334 |
||
| 650 | 1 | 4 |
_aOptica. _983381 |
| 830 | 0 |
_aANUIES. Temas basicos _96162 |
|
| 901 | _aBK | ||
| 942 | _cFOLL | ||
| 949 |
_aFolleto 6633 _bBC _cFOLL _d-57592 _eTS1 _i69678 _si _t12.00 |
||
| 949 |
_aFolleto 6633 _bBC _cFOLL _d-57593 _eTS2 _fc.2 _i69678 _si _t12.00 |
||
| 949 |
_aFolleto 6633 _bBC _cFOLL _d-57594 _eTS2 _fc.3 _i69678 _si _t12.00 |
||
| 949 |
_aFolleto 6633 _bBC _cFOLL _d-57595 _eTS2 _fc.4 _i69678 _si _t12.00 |
||
| 949 |
_aFolleto 6633 _bBC _cFOLL _d-57596 _eTS2 _fc.5 _i69678 _si _t12.00 |
||
| 999 |
_c63397 _d63397 |
||